Open Data Biblioteca Nacional de Portugal


República Portuguesa: Ministério da Cultura
Biblioteca Nacional de Portugal

Catálogo da BNP: acesso por Identificadores Unívocos
Registos Bibliográficos associados ao registo de autoridade

Etiqueta de registo: 00000nkm 2200025 450
001 2267509
003 http://id.bnportugal.gov.pt/bib/catbnp/2267509
100 ## $a20260216f1985 m y0pory01030103ba
101 0# $aheb
200 1# $aEl Al Israel Airlines, Massada$bVisual gráfico]$fEl Al Israel Airlines$gPhoto: Werner Braun
210 #9 $aTel Aviv$cEl Al Israel Airlines$d[1985]
215 ## $a1 cartaz$ccolor.$d68,7x48,9 cm
304 ## $aTítulo a partir de tradução livre em hebreu
306 ## $aDatação atribuída em conformidade com as características formais do documento
316 ## $aRasgão na margem inferior esquerda$5PTBN: CT. 21243 A.
317 ## $aColeção Madeira Luís
702 #1 $aWerner Braun$4600$31985759
710 02 $aEl Al Israel Airlines$31985760
801 #0 $aPT$bBN$gRPC
966 ## $lBN$mICONOG$sCT. 21243 A.$x3
971 ## $cCaticonografia3$d20260216
995 ## $aPRR2026 $d20260216$iCaticonografia3

OpendataBNP@bnportugal.pt | Mais informação sobre acesso aos dados BNP